10 Najlepszych strzelców Chelsea - Statystyki

Ogólne statystyki
  • Ten quiz został rozwiązany 46 razy
  • Średni wynik to 2 z 10
Statystyki odpowiedzi
Gole Piłkarz % Poprawnych
211 Frank Lampard
96%
164 Didier Drogba
93%
110 Eden Hazard
56%
194 Bobby Tambling
2%
140 Peter Osgood
2%
103 George Mills
0%
132 Jimmy Greaves
0%
157 Kerry Dixon
0%
144 Roy Bentley
0%
91 Tommy Baldwin
0%
Nie znaleziono quizów pasujących do podanych kryteriów
Rozkład punktacji
Procent ludzi z każdym wynikiem
Percentyl według liczby udzielonych odpowiedzi
Twoja historia wyników
Nie rozwiązałeś tego quizu